Sanat: "Kohti sydänpeltoja" - Vesterinen yhtyeineen - Statistics

Yleistilastot
  • Tätä visaa on pelattu 75 kertaa
  • Keskiarvotulos 113 / 167
Vastaustilastot
% Oikein
kohti
96%
sydänpeltoja.
96%
sydänpeltoja,
96%
93%
93%
pois
93%
pois,
93%
sut
93%
täältä
93%
me
91%
tänään
91%
vien
91%
voi,
91%
Ei
89%
meille
89%
mitään
89%
Ne
89%
ne
89%
rakkaustarinaa,
89%
78%
kaksi
76%
jo
73%
kuin
73%
vain
73%
Vain
73%
ja
69%
On
69%
on
69%
kahvi
67%
maistuu
64%
valmiina,
64%
kun
60%
sun
60%
että
56%
kosinutkin
53%
lehteä,
53%
Luen
53%
sua
53%
vahtii
53%
omaansa,
51%
vanhaa
51%
veljen
51%
vitriiniin.
51%
Biolanilta.
49%
dallaspulla
49%
kaverit.
49%
joku
47%
kahdesti,
47%
nähdä
47%
saisin
47%
jää
40%
katsot
40%
kii
40%
kii,
40%
mua
40%
ootan,
40%
mut
38%
Mut
38%
pistät
38%
silmiin.
38%
piilossa
36%
se
33%
takana,
33%
alla
31%
kassan
31%
tiskin
31%
kukkapöydän
27%
ovet
27%
heijastuksena.
24%
peilin
24%
kädestä.
22%
kautta
22%
siellä
22%
hiljaista,
20%
ihan
20%
joka
20%
katseita,
20%
ottaa
18%
puolella
18%
tahdon
18%
yhdessä,
18%
Yksi
16%
16%
mennessä,
13%
tähän
13%
taivas
13%
mul
11%
aikeita.
9%
hyvii
9%
täynnä
9%
syli
7%
Ehtoja vastaavia visoja ei löytynyt
Tulosjakauma
Jokaisen tuloksen saaneiden osuus
Persentiili vastausten määrän mukaan
Tuloshistoriasi
Et ole pelannut tätä visaa